Normal view MARC view
  • Urdu Novels

Entry Topical Term

Number of records used in: 1

001 - CONTROL NUMBER

  • control field: 106772

003 - CONTROL NUMBER IDENTIFIER

  • control field: NUST

005 - DATE AND TIME OF LATEST TRANSACTION

  • control field: 20230106081058.0

008 - FIXED-LENGTH DATA ELEMENTS

  • fixed length control field: 230106|| aca||aabn | a|a d

040 ## - CATALOGING SOURCE

  • Original cataloging agency: NUST
  • Transcribing agency: NUST

150 ## - HEADING--TOPICAL TERM

  • Topical term or geographic name entry element: Urdu Novels

670 ## - SOURCE DATA FOUND

  • Source citation: Work cat.: (NUST): Haqi, Shan Ul Haq 106771, Nook Jhook “نوک جھوک” /, 2019
© 2023 Central Library, National University of Sciences and Technology. All Rights Reserved.